00560nam a22001937a 4500003000500000005001700005008000600022020000800028040001400036041000600050082001900056245008400075260003700159300005300196490004900249500002200298521001500320700003100335322820250917133328.0 eng  qpbk aRDAc3228 2E 0aJ 591.477 SUPE aSpectacular shells and the animals that live in them/cedited by Candice Robert aPretoria:bBK Publishing;c2021. a49 pages:bvolumes: colour illustrationsc26 cm. asupernova: the mag for curious kidsvvol 9.6 aTitle from cover. afor tweens aRobertson, Candiceeeditor